Hair replacement : (Record no. 1707)

000 -LEADER
fixed length control field 01223pam a2200337 a 4500
003 - CONTROL NUMBER IDENTIFIER
control field OSt
005 - DATE AND TIME OF LATEST TRANSACTION
control field 20210629112221.0
008 - FIXED-LENGTH DATA ELEMENTS--GENERAL INFORMATION
fixed length control field 950614s1996 mouaf b 001 0 eng c
020 ## - INTERNATIONAL STANDARD BOOK NUMBER
International Standard Book Number 0815175434
040 ## - CATALOGING SOURCE
Transcribing agency ALUPE UNIVERSITY
050 00 - LIBRARY OF CONGRESS CALL NUMBER
Classification number RD121.5
Item number .H34 1996
060 10 - NATIONAL LIBRARY OF MEDICINE CALL NUMBER
Classification number WR 460 H1534 1996
245 00 - TITLE STATEMENT
Title Hair replacement :
Remainder of title surgical and medical /
Statement of responsibility, etc. editor, Dow B. Stough ; associate editor, Robert S. Haber.
260 ## - PUBLICATION, DISTRIBUTION, ETC.
Place of publication, distribution, etc. St. Louis :
Name of publisher, distributor, etc. Mosby,
Date of publication, distribution, etc. c1996.
300 ## - PHYSICAL DESCRIPTION
Extent xxv, 448 p., [4] p. of plates :
Other physical details ill. (some col.) ;
Dimensions 28 cm.
504 ## - BIBLIOGRAPHY, ETC. NOTE
Bibliography, etc. note Includes bibliographical references and index.
650 #0 - SUBJECT ADDED ENTRY--TOPICAL TERM
Topical term or geographic name entry element Hair
General subdivision Transplantation.
650 #0 - SUBJECT ADDED ENTRY--TOPICAL TERM
Topical term or geographic name entry element Hair growth stimulants.
650 #0 - SUBJECT ADDED ENTRY--TOPICAL TERM
Topical term or geographic name entry element Baldness
General subdivision Treatment.
650 12 - SUBJECT ADDED ENTRY--TOPICAL TERM
Topical term or geographic name entry element Alopecia
General subdivision therapy.
650 22 - SUBJECT ADDED ENTRY--TOPICAL TERM
Topical term or geographic name entry element Hair
General subdivision transplantation.
650 22 - SUBJECT ADDED ENTRY--TOPICAL TERM
Topical term or geographic name entry element Scalp
General subdivision surgery.
700 1# - ADDED ENTRY--PERSONAL NAME
Personal name Stough, Dow B.
Fuller form of name (Dowling Bluford),
Dates associated with a name 1957-
700 1# - ADDED ENTRY--PERSONAL NAME
Personal name Haber, Robert S.
Dates associated with a name 1959-
906 ## - LOCAL DATA ELEMENT F, LDF (RLIN)
a 7
b cbc
c orignew
d 1
e ocip
f 19
g y-gencatlg
942 ## - ADDED ENTRY ELEMENTS (KOHA)
Source of classification or shelving scheme
Koha item type Book
Suppress in OPAC PW
Holdings
Withdrawn status Lost status Source of classification or shelving scheme Damaged status Not for loan Permanent Location Current Location Shelving location Date acquired Total Checkouts Full call number Barcode Date last seen Price effective from Koha item type Public note
          AU LIBRARY AU LIBRARY Open Shelf 29.06.2021   RD121.5 .H34 1996 28000477 29.06.2021 29.06.2021 Book PW

Powered by Koha